GIS Methodologies / (Record no. 615896)

000 -LEADER
fixed length control field 00514nam a22001697a 4500
003 - CONTROL NUMBER IDENTIFIER
control field NUST
005 - DATE AND TIME OF LATEST TRANSACTION
control field 20260122122402.0
008 - FIXED-LENGTH DATA ELEMENTS--GENERAL INFORMATION
fixed length control field 260122b ||||| |||| 00| 0 eng d
020 ## - INTERNATIONAL STANDARD BOOK NUMBER
International Standard Book Number 978-0231100267
082 ## - DEWEY DECIMAL CLASSIFICATION NUMBER
Classification number 333.95
100 ## - MAIN ENTRY--PERSONAL NAME
Personal name Savitsky, Basil G
9 (RLIN) 132881
245 ## - TITLE STATEMENT
Title GIS Methodologies /
Remainder of title for Developing Conservation Strategies /
Statement of responsibility, etc. Savitsky, Basil G.
260 ## - PUBLICATION, DISTRIBUTION, ETC.
Place of publication, distribution, etc. New York:
Name of publisher, distributor, etc. Columbia University Press,
Date of publication, distribution, etc. 1998.
300 ## - PHYSICAL DESCRIPTION
Extent 278 p ;
Dimensions 10.27 x 7.32 x 0.93 inches
563 ## - BINDING INFORMATION
Binding note Hardcover
942 ## - ADDED ENTRY ELEMENTS (KOHA)
Source of classification or shelving scheme
Koha item type Book
Holdings
Withdrawn status Lost status Source of classification or shelving scheme Damaged status Not for loan Permanent Location Current Location Date acquired Total Checkouts Full call number Barcode Date last seen Price effective from Koha item type
          Institute of Geographical Information Systems (IGIS) Institute of Geographical Information Systems (IGIS) 01/22/2026   333.95 IGIS-1 01/22/2026 01/22/2026 Book
          Institute of Geographical Information Systems (IGIS) Institute of Geographical Information Systems (IGIS) 01/22/2026   333.95 IGIS-81 01/22/2026 01/22/2026 Book
© 2023 Central Library, National University of Sciences and Technology. All Rights Reserved.